header

Youth in cities (Record no. 44567)

MARC details
000 -LEADER
fixed length control field 01498nam a22003614a 4500
082 04 - DEWEY DECIMAL CLASSIFICATION NUMBER
Classification number 305.235/09173/2
245 00 - TITLE STATEMENT
Title Youth in cities
260 ## - PUBLICATION, DISTRIBUTION, ETC. (IMPRINT)
Place of publication Cambridge, UK ;
-- New York :
Name of publisher Cambridge University Press,
Year of publication 2002.
300 ## - PHYSICAL DESCRIPTION
Number of Pages xii, 288 p. :
Other physical details ill.
490 1# - SERIES STATEMENT
Series statement The Jacobs Foundation series on adolescence
650 #0 - SUBJECT ADDED ENTRY--TOPICAL TERM
Topical Term Urban youth
Topical Term City children
Topical Term Youth with social disabilities
700 1# - ADDED ENTRY--PERSONAL NAME
Personal name Tienda, Marta.
Personal name Wilson, William J.,
856 40 - ELECTRONIC LOCATION AND ACCESS
Uniform Resource Identifier http://site.ebrary.com/lib/rucke/Doc?id=10073564

No items available.

© 2026 Rongo University
Contact us: librarian | system librarian | Rongo university